01159cam a2200289 a 45000010009000000050017000090080041000260100017000670200043000840200040001270400018001670500023001850820012002081000034002202450122002542500013003762600041003893000049004305000020004796500025004997000031005248560083005559060045006389420012006839990017006959520157007121544498520170105102352.0080909r20102000nyua 001 0 eng  a 2008039824 a9780073532332 (hard copy : alk. paper) a0073532339 (hard copy : alk. paper) aDLCcDLCdDLC00aQA303.2b.H64 201000a5152221 aHoffmann, Laurence D.,d1943-10aApplied calculus for business, economics, and the social and life sciences bLaurence D. Hoffmann, Gerald L. Bradley. a10th ed. aNew York, NY :bMcGraw-Hill,cc2010. axv, 1051 p. :bill. (chiefly col.) ;c26 cm. aIncludes index. 0aCalculusvTextbooks.1 aBradley, Gerald L.,d1940-413Table of contents onlyuhttp://www.loc.gov/catdir/toc/ecip0828/2008039824.html a7bcbccorignewd1eecipf20gy-gencatlg 2ddccBK c11960d11960 001040708NFICaCLbCLcGENd2013-07-03eProgressive International Agenciesg10486.81l1o515 HOFpSEECS012549r2023-10-10s2023-09-13w2013-07-08yBK